| 000 | 00792nas a2200265 4500 | ||
|---|---|---|---|
| 001 | BR0805173 | ||
| 003 | BR-BrBNA | ||
| 005 | 20231205112405.0 | ||
| 007 | ta | ||
| 008 | 230509b bl.|||p| |||| 00| 00por d | ||
| 040 |
_aBR-BrBNA _bpor _cBiblioteca Nacional de Agricultura |
||
| 041 | _a(Pt) | ||
| 072 | _aQ02 | ||
| 100 | 1 | _aLima, J.R. de | |
| 100 | 1 | _aBruno, L.M. | |
| 100 | 1 | _aSilva, J.L.A. da | |
| 100 | 1 | _aCasimiro, A.R.S. de | |
| 245 | 1 | _aPotencial de utilização de leveduras "killer" para produção de cachaça | |
| 650 | _aCACHAÇA | ||
| 650 | _aFERMENTO | ||
| 650 | _aFERMENTAÇÃO | ||
| 773 | 0 |
_tRevista Ciencia Agronomica (Brazil) _xISSN 0045-6888 _g(Oct-Dec 2007), v. 38(4) p. 366-371 _wBR0805173 |
|
| 909 |
_a202311 _bLúcia _c55 _dLúcia Elande |
||
| 942 |
_2AGRIS _n0 _cANA |
||
| 999 |
_c197800 _d197800 |
||